01409nam a2200253 i 4500003000900000005001700009007000300026008004100029020001800070040003100088041000800119082001900127100005500146245007700201250002300278264007300301300002800374336002700402337003300429338003100462500007400493504003600567505055200603DO-SdBNP20250627093830.0ta250627b2025 dr ||||| |||| 00| 0 spa d a9789945656022 aDO-SdBNPbspacBNPHU erda aspa 4axxxbS621c2221 aSierra Pérez, Ireni Arvelis,d1974-eautor4aut.10aConexiones: ¿Cómo aprende el niño? /cIreni Arvelis Sierra Pérez. aPrimera edición  aSanto Domingo, República Dominicana :bEditorial Santuario,c2025. a62 páginas ;c24 cm.  atextobtxt2rdacontent asin mediaciónbn2rdamedia avolumen bnc2rdacarrier  aIncluye datos biográficos de la autora en la solapa de la cubierta. aBibliografía: páginas 59-62 aAgradecimientos -- Prólogo -- Presentación del libro (sinopsis) -- Capítulo 1. El cerebro del niño y el aprendizaje (aspectos cognitivos) -- Capítulo 2. Las emociones como motor del aprendizaje (aspectos emocionales) -- Capítulo 3. Teoría del aprendizaje -- Capítulo 4. El aprendizaje en interacción (aspectos sociales) Capítulo 5. Innovación en la enseñanza (metodología pedagógicas) Capítulo 6. La conexione entre todos los aspectos. ¿Como los aspectos cognitivos, emocionales y sociales están interrelacionado?